[Event "Jakarta Indonesia op 3rd"]
[Site "Jakarta"]
[Date "2013.10.12"]
[Round "4"]
[White "Purba, Cornelis"]
[Black "Suradiradja, Herman"]
[Result "1-0"]
[WhiteElo "2193"]
[BlackElo "2215"]
[PlyCount "89"]
[EventDate "2013.10.10"]
[EventType "swiss"]
[EventRounds "11"]
[EventCountry "INA"]
[SourceTitle "CBM 156 Extra"]
[Source "ChessBase"]
[SourceDate "2013.10.22"]
[SourceVersion "1"]
[SourceVersionDate "2013.10.22"]
[SourceQuality "1"]

1. e4 c5 2. Nf3 a6 3. d4 cxd4 4. Nxd4 Nf6 5. Bd3 e5 6. Nb3 d5 7. exd5 Qxd5 8. 0-0 Be7 9. Nc3 Qd8 10. Qe2 Nc6 11. Bg5 0-0 12. Rad1 Qe8 13. Bh4 Bg4 14. f3 Be6 15. Bf2 Nd7 16. Bc4 Bxc4 17. Qxc4 Rc8 18. Nd5 Bd8 19. Rfe1 Kh8 20. Qd3 f6 21. c3 Rf7 22. Nd2 Qf8 23. Qf5 Bc7 24. Ne4 Bb8 25. b4 Qe8 26. c4 Qf8 27. c5 Rd8 28. Rd2 g6 29. Qh3 Nd4 30. Bxd4 exd4 31. Rxd4 Ne5 32. Red1 Nc6 33. R4d2 Kg7 34. a3 h6 35. f4 Qe8 36. Qf3 Qe6 37. g3 Qf5 38. Ne3 Qc8 39. Rxd8 Nxd8 40. Nc4 Qe6 41. Rxd8 Qxc4 42. Rxb8 Re7 43. Nc3 Qe6 44. Kf1 Qc4+ 45. Kg2 1-0

[Event "Jakarta Indonesia op 2nd"]
[Site "Jakarta"]
[Date "2012.10.13"]
[Round "4"]
[White "Jamaludin, Azizulzaman"]
[Black "Suradiradja, Herman"]
[Result "1-0"]
[WhiteElo "2174"]
[BlackElo "2238"]
[PlyCount "55"]
[EventDate "2012.10.11"]
[EventType "swiss"]
[EventRounds "9"]
[EventCountry "INA"]
[SourceTitle "EXT 2013"]
[Source "ChessBase"]
[SourceDate "2012.11.22"]
[SourceVersion "1"]
[SourceVersionDate "2012.11.22"]
[SourceQuality "1"]

1. e4 c5 2. Nf3 Nc6 3. Bb5 Nf6 4. Nc3 Nd4 5. e5 Nxb5 6. Nxb5 Nd5 7. c4 Nc7 8. Nxc7+ Qxc7 9. d4 cxd4 10. Qxd4 e6 11. 0-0 b6 12. b3 Bb7 13. Qf4 h6 14. a4 Be7 15. Qg3 g5 16. Nd4 a6 17. Ra2 0-0-0 18. a5 h5 19. Qc3 Qc5 20. f4 gxf4 21. Bxf4 Qxd4+ 22. Qxd4 Bc5 23. Be3 Bxd4 24. Bxd4 Rh7 25. Rf6 Rg8 26. axb6 Rg6 27. b4 Rxf6 28. g3 1-0

[Event "Jakarta Indonesia op 2nd"]
[Site "Jakarta"]
[Date "2012.10.12"]
[Round "2"]
[White "Halay, Taufik"]
[Black "Suradiradja, Herman"]
[Result "1-0"]
[WhiteElo "2366"]
[BlackElo "2238"]
[PlyCount "72"]
[EventDate "2012.10.11"]
[EventType "swiss"]
[EventRounds "9"]
[EventCountry "INA"]
[SourceTitle "EXT 2013"]
[Source "ChessBase"]
[SourceDate "2012.11.22"]
[SourceVersion "1"]
[SourceVersionDate "2012.11.22"]
[SourceQuality "1"]

1. d4 Nf6 2. c4 c5 3. d5 e5 4. Nc3 d6 5. e4 Be7 6. h3 0-0 7. Be3 Nbd7 8. g4 Ne8 9. Qd2 g6 10. Nge2 Ng7 11. Ng3 a6 12. Be2 Bh4 13. a3 Kh8 14. Rg1 Nf6 15. 0-0-0 Ng8 16. Rdf1 f5 17. gxf5 gxf5 18. exf5 Nxf5 19. Nxf5 Bxf5 20. Bd3 Bxh3 21. Re1 Bf5 22. Ne4 b5 23. Rh1 bxc4 24. Bc2 Bxe4 25. Bxe4 Ra7 26. Reg1 Rff7 27. Rg4 Bf6 28. Qc2 Qf8 29. Rg3 Bd8 30. Qxc4 Rg7 31. Rgh3 Nf6 32. Bh6 Qg8 33. Bxg7+ Rxg7 34. Kb1 Rg1+ 35. Ka2 Rxh1 36. Rxh1 Be7 1-0

[Event "Karpov GM"]
[Site "Singapore"]
[Date "1997.12.24"]
[Round "14"]
[White "Suradiradja, Herman"]
[Black "Hsu, Li Yang"]
[Result "1/2-1/2"]
[WhiteElo "2250"]
[BlackElo "2390"]
[PlyCount "36"]
[EventDate "1997.??.??"]
[EventType "tourn"]
[EventRounds "14"]
[EventCountry "SIN"]
[EventCategory "7"]
[SourceTitle "EXT 1999"]
[Source "ChessBase"]
[SourceDate "1998.11.16"]
[SourceVersion "1"]
[SourceVersionDate "1998.11.16"]
[SourceQuality "1"]

1. Nf3 Nf6 2. g3 b6 3. Bg2 Bb7 4. 0-0 c5 5. d3 d5 6. Nbd2 g6 7. e4 Nc6 8. c3 dxe4 9. dxe4 Bg7 10. Re1 0-0 11. Qc2 Rc8 12. Bh3 Nd7 13. Rd1 Qc7 14. Nc4 Rcd8 15. Bf4 Nde5 16. Nfxe5 Nxe5 17. Bg2 b5 18. Nxe5 Bxe5 1/2-1/2

[Event "Singapore Double Round"]
[Site "Singapore"]
[Date "1997.??.??"]
[Round "1"]
[White "Ardiansyah, Haji"]
[Black "Suradiradja, Herman"]
[Result "1-0"]
[WhiteElo "2415"]
[BlackElo "2240"]
[PlyCount "69"]
[EventDate "1997.05.31"]
[EventType "tourn"]
[EventRounds "10"]
[EventCountry "SIN"]
[EventCategory "2"]
[SourceTitle "CBM 058 Extra"]
[Source "ChessBase"]
[SourceDate "1997.07.29"]
[SourceVersion "1"]
[SourceVersionDate "1997.07.29"]
[SourceQuality "1"]

1. d4 Nf6 2. g3 c5 3. d5 d6 4. Bg2 e6 5. dxe6 fxe6 6. c4 Be7 7. Nc3 0-0 8. Nh3 Nc6 9. 0-0 Kh8 10. Nf4 Bd7 11. b3 a6 12. Bb2 Qe8 13. Na4 e5 14. Nd5 Nxd5 15. cxd5 Nd4 16. Nb6 Rd8 17. e3 Nf5 18. Qd2 Bb5 19. Rfe1 Nh6 20. a4 Bd7 21. h3 Bf5 22. e4 Bg6 23. f4 Bf6 24. f5 Bf7 25. b4 cxb4 26. Qxb4 Qe7 27. Ba3 Be8 28. Rac1 Nf7 29. Rc2 Bg5 30. Rc4 Rg8 31. Qc3 Bh6 32. Kh2 Qg5 33. Rc7 Qd2 34. Qxd2 Bxd2 35. Rb1 1-0

[Event "World Cities"]
[Site "Jakarta "]
[Date "1997.??.??"]
[Round "2"]
[White "Gausel, Einar"]
[Black "Suradiradja, Herman"]
[Result "0-1"]
[WhiteElo "2540"]
[BlackElo "2250"]
[PlyCount "71"]
[EventDate "1997.07.08"]
[EventType "swiss"]
[EventRounds "10"]
[EventCountry "INA"]
[SourceTitle "CBM 058 Extra"]
[Source "ChessBase"]
[SourceDate "1997.07.29"]
[SourceVersion "1"]
[SourceVersionDate "1997.07.29"]
[SourceQuality "1"]

1. Nf3 Nf6 2. c4 g6 3. Nc3 Bg7 4. e4 d6 5. d4 0-0 6. Be2 e5 7. 0-0 Nc6 8. d5 Ne7 9. b4 Nd7 10. a4 a5 11. Ba3 f5 12. bxa5 Rxa5 13. Bb4 Ra8 14. Ng5 Nc5 15. Bxc5 dxc5 16. Ra2 Kh8 17. Nf3 Ng8 18. a5 Nf6 19. Nd2 Bd7 20. Qb3 Ra7 21. Bd3 Ne8 22. Qa3 b6 23. Qb2 Nd6 24. axb6 Rxa2 25. Qxa2 cxb6 26. Qa7 Bh6 27. Rd1 Bxd2 28. Rxd2 fxe4 29. Nxe4 Nxe4 30. Bxe4 Qg5 31. Rd1 Bg4 32. f3 Rxf3 33. Re1 Rf8 34. Qa2 Kg7 35. Qb2 h5 36. Bd3 0-1

[Event "Singapore Double Round"]
[Site "Singapore"]
[Date "1997.??.??"]
[Round "9"]
[White "Lau, Keng Boon"]
[Black "Suradiradja, Herman"]
[Result "1-0"]
[WhiteElo "2230"]
[BlackElo "2240"]
[PlyCount "65"]
[EventDate "1997.05.31"]
[EventType "tourn"]
[EventRounds "10"]
[EventCountry "SIN"]
[EventCategory "2"]
[SourceTitle "CBM 058 Extra"]
[Source "ChessBase"]
[SourceDate "1997.07.29"]
[SourceVersion "1"]
[SourceVersionDate "1997.07.29"]
[SourceQuality "1"]

1. e4 c5 2. Nf3 Nc6 3. d4 cxd4 4. Nxd4 Nf6 5. Nc3 e5 6. Ndb5 d6 7. Bg5 a6 8. Na3 b5 9. Bxf6 gxf6 10. Nd5 f5 11. exf5 Bxf5 12. c3 Bg7 13. Nc2 0-0 14. Nce3 Be4 15. Bd3 Bxd5 16. Nxd5 f5 17. Ne3 Ne7 18. Qb3+ Kh8 19. 0-0-0 d5 20. g4 e4 21. Bc2 Bh6 22. Kb1 Bxe3 23. fxe3 Qb6 24. gxf5 Rxf5 25. Qb4 Qf6 26. Bb3 Rd8 27. Qa5 Rg8 28. Rd2 Rf2 29. Rhd1 Rxd2 30. Rxd2 Rg1+ 31. Rd1 Rxd1+ 32. Bxd1 Nf5 33. Qc7 1-0

[Event "Singapore Double Round"]
[Site "Singapore"]
[Date "1997.??.??"]
[Round "3"]
[White "Lee, Wang Sheng"]
[Black "Suradiradja, Herman"]
[Result "1/2-1/2"]
[WhiteElo "2280"]
[BlackElo "2240"]
[PlyCount "81"]
[EventDate "1997.05.31"]
[EventType "tourn"]
[EventRounds "10"]
[EventCountry "SIN"]
[EventCategory "2"]
[SourceTitle "CBM 058 Extra"]
[Source "ChessBase"]
[SourceDate "1997.07.29"]
[SourceVersion "1"]
[SourceVersionDate "1997.07.29"]
[SourceQuality "1"]

1. d4 Nf6 2. c4 c5 3. d5 Ne4 4. Nd2 Qa5 5. Qc2 Nd6 6. b3 e5 7. Bb2 f6 8. e4 Nf7 9. Bd3 g6 10. Ne2 Bh6 11. Bc3 Qd8 12. 0-0 d6 13. Rab1 0-0 14. a3 Qe7 15. b4 b6 16. bxc5 bxc5 17. Nb3 Nd8 18. Bd2 Bxd2 19. Qxd2 Nd7 20. Na5 Nb6 21. Nc3 Bd7 22. Bc2 Kg7 23. Rb2 Nb7 24. Nc6 Qe8 25. Qe2 Bxc6 26. dxc6 Na5 27. Rxb6 axb6 28. c7 Qf7 29. Nd5 Ra7 30. Ba4 Rxc7 31. Nxc7 Qxc7 32. Rd1 Nc6 33. Bxc6 Qxc6 34. Qd3 Ra8 35. f3 g5 36. Rd2 Kf7 37. Kf2 Ke7 38. Ke2 Ra5 39. Rb2 Ra6 40. Rd2 Ra5 41. Rb2 1/2-1/2

[Event "Singapore Double Round"]
[Site "Singapore"]
[Date "1997.??.??"]
[Round "6"]
[White "Suradiradja, Herman"]
[Black "Ardiansyah, Haji"]
[Result "0-1"]
[WhiteElo "2240"]
[BlackElo "2415"]
[PlyCount "58"]
[EventDate "1997.05.31"]
[EventType "tourn"]
[EventRounds "10"]
[EventCountry "SIN"]
[EventCategory "2"]
[SourceTitle "CBM 058 Extra"]
[Source "ChessBase"]
[SourceDate "1997.07.29"]
[SourceVersion "1"]
[SourceVersionDate "1997.07.29"]
[SourceQuality "1"]

1. e4 c5 2. Nf3 Nc6 3. d4 cxd4 4. Nxd4 Qc7 5. Nc3 e6 6. Be3 Nf6 7. a3 Be7 8. Be2 a6 9. f4 d6 10. 0-0 0-0 11. Kh1 Re8 12. Nb3 b5 13. Bf3 Rb8 14. Qe1 Bf8 15. g4 b4 16. axb4 Nxb4 17. Qf2 e5 18. f5 d5 19. exd5 e4 20. Bd1 Nfxd5 21. Nxd5 Nxd5 22. c3 Nxe3 23. Qxe3 Rb5 24. Rf2 Rxb3 25. Bxb3 Bc5 26. Qe2 Bxf2 27. Qxf2 e3 28. Qg2 Re5 29. Qa8 h5 0-1

[Event "Jakarta op"]
[Site "Jakarta"]
[Date "1997.??.??"]
[Round "?"]
[White "Timoshenko, Georgy"]
[Black "Suradiradja, Herman"]
[Result "1-0"]
[WhiteElo "2510"]
[BlackElo "2240"]
[PlyCount "53"]
[EventDate "1997.??.??"]
[EventType "swiss"]
[EventRounds "9"]
[EventCountry "INA"]
[SourceTitle "EXT 2000"]
[Source "ChessBase"]
[SourceDate "1999.11.16"]
[SourceVersion "1"]
[SourceVersionDate "1999.11.16"]
[SourceQuality "1"]

1. d4 Nf6 2. c4 c5 3. d5 Ne4 4. f3 Qa5+ 5. Nd2 Nd6 6. e4 g6 7. b4 Qxb4 8. Rb1 Qa5 9. Bb2 Rg8 10. g4 f6 11. h4 Bh6 12. g5 fxg5 13. hxg5 Bxg5 14. Rxh7 a6 15. Nh3 Be3 16. Ke2 Bxd2 17. Qxd2 Qxd2+ 18. Kxd2 b5 19. Ng5 Kd8 20. Bc3 b4 21. Be5 a5 22. Bd3 a4 23. Rbh1 Ba6 24. Rh8 Rxh8 25. Rxh8+ Kc7 26. Nf7 Bb7 27. Rh6 1-0

[Event "Rio Gallegos prel"]
[Site "Rio Gallegos"]
[Date "1986.??.??"]
[Round "4"]
[White "Mateo, Ramon"]
[Black "Suradiradja, Herman"]
[Result "1-0"]
[WhiteElo "2385"]
[BlackElo "2305"]
[PlyCount "131"]
[EventDate "1986.??.??"]
[EventType "tourn"]
[EventRounds "7"]
[EventCountry "ARG"]
[EventCategory "6"]
[SourceTitle "EXT 2003"]
[Source "ChessBase"]
[SourceDate "2002.11.25"]
[SourceVersion "1"]
[SourceVersionDate "2002.11.25"]
[SourceQuality "1"]

1. e4 c5 2. Nf3 Nc6 3. d4 cxd4 4. Nxd4 Nf6 5. Nc3 d6 6. Bg5 e6 7. Qd2 a6 8. 0-0-0 h6 9. Bf4 Bd7 10. Bg3 Nxd4 11. Qxd4 Bc6 12. f3 d5 13. exd5 Nxd5 14. Ne4 Qb6 15. Qe5 Rd8 16. Bf2 Qa5 17. Bc4 Rc8 18. Rhe1 Qc7 19. Rxd5 Bxd5 20. Qxc7 Rxc7 21. Bxd5 Bb4 22. Nc3 0-0 23. Be4 Rfc8 24. Re2 f5 25. Bd3 Bxc3 26. bxc3 Rxc3 27. Kd2 Kf7 28. g4 g6 29. Be3 Ra3 30. gxf5 gxf5 31. Rg2 Rd8 32. Rg1 Rxa2 33. Bxh6 Rh8 34. Bf4 b5 35. Re1 Rh7 36. Bg3 Ra4 37. f4 Rh8 38. Re5 Rc8 39. Re3 Rd4 40. h4 b4 41. Rf3 a5 42. Bf2 Rd5 43. Re3 a4 44. Re5 b3 45. Rxd5 exd5 46. cxb3 axb3 47. Bxf5 Rc4 48. Be3 b2 49. Bc2 Rb4 50. Bb1 Rc4 51. Kd1 d4 52. Bd2 Kf6 53. f5 Rc7 54. h5 Rg7 55. h6 Rg2 56. Bb4 Rh2 57. Bf8 d3 58. Bg7+ Kg5 59. Bxd3 Rh1+ 60. Ke2 b1Q 61. Bxb1 Rxb1 62. h7 Rh1 63. f6 Rxh7 64. f7 Rh2+ 65. Kf3 Rh1 66. Kg2 1-0

[Event "Rio Gallegos prel"]
[Site "Rio Gallegos"]
[Date "1986.??.??"]
[Round "7"]
[White "Suradiradja, Herman"]
[Black "Casafus, Ruben Andres"]
[Result "1/2-1/2"]
[WhiteElo "2305"]
[BlackElo "2350"]
[PlyCount "64"]
[EventDate "1986.??.??"]
[EventType "tourn"]
[EventRounds "7"]
[EventCountry "ARG"]
[EventCategory "6"]
[SourceTitle "EXT 2003"]
[Source "ChessBase"]
[SourceDate "2002.11.25"]
[SourceVersion "1"]
[SourceVersionDate "2002.11.25"]
[SourceQuality "1"]

1. e4 c5 2. Nf3 e6 3. d3 Nc6 4. g3 d5 5. Nbd2 Bd6 6. Bg2 Nge7 7. 0-0 0-0 8. Re1 Bc7 9. c3 dxe4 10. dxe4 b6 11. Nc4 Ba6 12. Qa4 Qc8 13. Na3 Rd8 14. Nb5 Bb8 15. Be3 Bb7 16. Rad1 a6 17. Rxd8+ Nxd8 18. Na3 Bc6 19. Qc2 Qb7 20. Nd2 Nf5 21. Nac4 Bc7 22. Bh3 Nxe3 23. Nxe3 b5 24. Qd1 Qb8 25. Qh5 Bd6 26. Bg2 Qc7 27. Nb3 Be7 28. h4 Nb7 29. Qe2 Bf8 30. h5 h6 31. e5 Bxg2 32. Nxg2 Rd8 1/2-1/2

[Event "Rio Gallegos prel"]
[Site "Rio Gallegos"]
[Date "1986.??.??"]
[Round "2"]
[White "Suradiradja, Herman"]
[Black "Lukov, Valentin"]
[Result "1/2-1/2"]
[WhiteElo "2305"]
[BlackElo "2430"]
[PlyCount "149"]
[EventDate "1986.??.??"]
[EventType "tourn"]
[EventRounds "7"]
[EventCountry "ARG"]
[EventCategory "6"]
[SourceTitle "EXT 2003"]
[Source "ChessBase"]
[SourceDate "2002.11.25"]
[SourceVersion "1"]
[SourceVersionDate "2002.11.25"]
[SourceQuality "1"]

1. e4 c5 2. Nf3 d6 3. d4 Nf6 4. Nc3 cxd4 5. Nxd4 a6 6. Be2 e6 7. 0-0 Qc7 8. f4 Be7 9. Kh1 0-0 10. Qe1 Nc6 11. Be3 Bd7 12. Nb3 b5 13. a3 Rab8 14. Rc1 b4 15. axb4 Nxb4 16. Nd4 d5 17. e5 Ne4 18. Nxe4 dxe4 19. b3 Bc5 20. Bg1 Qb6 21. c3 Nd3 22. Bxd3 exd3 23. Rb1 Qb7 24. Qd2 Bxd4 25. cxd4 Bc6 26. h3 a5 27. Kh2 Be4 28. Rfe1 Qd5 29. Rb2 Bg6 30. Ra1 Rxb3 31. Rxb3 Qxb3 32. Rxa5 h5 33. Ra2 Rb8 34. Qf2 Be4 35. Rd2 Ra8 36. Qe1 Bg6 37. Qc1 Qd5 38. Qe1 Ra4 39. Kg3 Qa5 40. Kh2 Ra1 41. Rd1 Ra2 42. Rd2 Ra4 43. Rd1 Kh7 44. Rd2 Qb5 45. Qc1 Qa6 46. Qe1 Ra3 47. Rd1 Qa4 48. Rd2 Ra1 49. Qf2 Qa8 50. Qf3 Qa6 51. Qf2 Rb1 52. Rb2 Ra1 53. Rd2 Qc4 54. Rb2 Qd5 55. Qe3 Rd1 56. Rd2 Rb1 57. Qf2 Qb3 58. Qf3 Rb2 59. Rxb2 Qxb2 60. f5 d2 61. fxg6+ fxg6 62. Be3 Qc3 63. Bxd2 Qxd2 64. h4 Qxd4 65. Qg3 Qe4 66. Qg5 Qf5 67. Kg3 Qd3+ 68. Kf2 Kg8 69. Qf4 Qf5 70. Ke3 Kf7 71. g3 g5 72. Qxg5 Qxg5+ 73. hxg5 Kg6 74. Kf4 Kf7 75. Ke4 1/2-1/2

[Event "Asia-chT fin 06th"]
[Site "Dubai"]
[Date "1986.??.??"]
[Round "7"]
[White "Suradiradja, Herman"]
[Black "Torre, Eugenio"]
[Result "1/2-1/2"]
[WhiteElo "2280"]
[BlackElo "2540"]
[PlyCount "75"]
[EventDate "1986.01.??"]
[EventType "team"]
[EventRounds "9"]
[EventCountry "UAE"]
[SourceTitle "EXT 2008"]
[Source "ChessBase"]
[SourceDate "2007.11.25"]
[SourceVersion "1"]
[SourceVersionDate "2007.11.25"]
[SourceQuality "1"]
[WhiteTeam "Indonesia"]
[BlackTeam "Philippines"]
[WhiteTeamCountry "INA"]
[BlackTeamCountry "PHI"]

1. e4 e5 2. Nf3 Nc6 3. Bb5 a6 4. Ba4 Nf6 5. d4 exd4 6. 0-0 Be7 7. Re1 b5 8. Bb3 d6 9. Bd5 Nxd5 10. exd5 Ne5 11. Nxd4 0-0 12. f4 Bg4 13. Qd2 Nc4 14. Qd3 Bh4 15. Rf1 Bf6 16. Nd2 c5 17. Nc6 Qd7 18. Ne4 Bxb2 19. Bxb2 Nxb2 20. Qc3 f5 21. Ng3 Na4 22. Qa5 h5 23. Rfe1 Rfe8 24. h4 Kh7 25. c4 Qf7 26. Rxe8 Rxe8 27. cxb5 Qf6 28. Re1 Rxe1+ 29. Qxe1 axb5 30. Qe8 Qg6 31. Qf8 Qf6 32. Qe8 c4 33. Ne7 g6 34. Qg8+ Kh6 35. Qd8 Kh7 36. Qg8+ Kh6 37. Qd8 Kh7 38. Qg8+ 1/2-1/2

[Event "First Lady of Indonesia Cup"]
[Site "Surakarta"]
[Date "1982.03.09"]
[Round "24"]
[White "Suradiradja, Herman"]
[Black "Sampouw, Jacobus S"]
[Result "0-1"]
[WhiteElo "2380"]
[BlackElo "2305"]
[PlyCount "54"]
[EventDate "1982.02.09"]
[EventType "tourn"]
[EventRounds "25"]
[EventCountry "INA"]
[EventCategory "9"]
[SourceTitle "MCD"]
[Source "ChessBase"]
[SourceDate "1999.07.01"]
[SourceVersion "1"]
[SourceVersionDate "1999.07.01"]
[SourceQuality "1"]

1. e4 c5 2. Nf3 d6 3. d4 cxd4 4. Nxd4 Nf6 5. Nc3 a6 6. Bg5 e6 7. f4 b5 8. e5 dxe5 9. fxe5 Qc7 10. Qe2 Nfd7 11. 0-0-0 Bb7 12. Nxe6 fxe6 13. Qh5+ g6 14. Qg4 Be7 15. Bf4 b4 16. Ne2 Nc5 17. Nd4 Bd5 18. Bd3 Nbd7 19. Kb1 Nxd3 20. cxd3 Nc5 21. b3 Qb6 22. Be3 a5 23. h4 a4 24. h5 g5 25. Rd2 axb3 26. Nxb3 Nxb3 27. axb3 Qa6 0-1

[Event "First Lady of Indonesia Cup"]
[Site "Surakarta"]
[Date "1982.03.04"]
[Round "20"]
[White "Suradiradja, Herman"]
[Black "Kurajica, Bojan"]
[Result "0-1"]
[WhiteElo "2380"]
[BlackElo "2510"]
[PlyCount "48"]
[EventDate "1982.02.09"]
[EventType "tourn"]
[EventRounds "25"]
[EventCountry "INA"]
[EventCategory "9"]
[SourceTitle "MCD"]
[Source "ChessBase"]
[SourceDate "1999.07.01"]
[SourceVersion "1"]
[SourceVersionDate "1999.07.01"]
[SourceQuality "1"]

1. e4 c5 2. Nf3 e6 3. d4 cxd4 4. Nxd4 a6 5. Bd3 Qc7 6. 0-0 Nf6 7. c4 Bc5 8. Nb3 Ba7 9. Qe2 Nc6 10. Nc3 h5 11. Kh1 h4 12. c5 Kf8 13. f4 Nh5 14. Be3 d6 15. Na4 dxc5 16. Naxc5 g5 17. e5 gxf4 18. Bxf4 f5 19. Rac1 Nxf4 20. Rxf4 Qxe5 21. Qf3 Bb8 22. Rf1 Qxf4 23. Qxf4 Bxf4 24. Rxf4 Ke7 0-1

[Event "First Lady of Indonesia Cup"]
[Site "Surakarta"]
[Date "1982.02.26"]
[Round "15"]
[White "Gunawan, Ronny"]
[Black "Suradiradja, Herman"]
[Result "1/2-1/2"]
[WhiteElo "2345"]
[BlackElo "2380"]
[PlyCount "113"]
[EventDate "1982.02.09"]
[EventType "tourn"]
[EventRounds "25"]
[EventCountry "INA"]
[EventCategory "9"]
[SourceTitle "MCD"]
[Source "ChessBase"]
[SourceDate "1999.07.01"]
[SourceVersion "1"]
[SourceVersionDate "1999.07.01"]
[SourceQuality "1"]

1. d4 Nf6 2. c4 g6 3. Nc3 Bg7 4. e4 d6 5. f3 a6 6. Be3 c6 7. a4 a5 8. Bd3 Na6 9. Rc1 e5 10. Nge2 0-0 11. 0-0 Qe7 12. Kh1 Nd7 13. Bb1 exd4 14. Bxd4 Ne5 15. f4 Ng4 16. Bxg7 Kxg7 17. h3 Nh6 18. Qd4+ f6 19. Rcd1 Nf7 20. Ng1 Nc5 21. Nf3 Re8 22. Bc2 Ra6 23. b3 Ne6 24. Qd2 Nc5 25. g4 Ra8 26. Rg1 Bd7 27. Kh2 g5 28. Rgf1 h5 29. e5 hxg4 30. exf6+ Qxf6 31. fxg5 Qe6 32. Qd4+ Ne5 33. Nxe5 Qxe5+ 34. Qxe5+ Rxe5 35. Rxd6 Be6 36. hxg4 Rh8+ 37. Kg2 Rxg5 38. Bf5 Bxf5 39. Rxf5 Rxg4+ 40. Kf3 Rg6 41. Rxg6+ Kxg6 42. Rxc5 Rh3+ 43. Ke4 Rxc3 44. Rxa5 Rxb3 45. Ke5 Rc3 46. Rc5 Ra3 47. a5 Ra4 48. Ke6 Kg7 49. Kd7 Kf7 50. Kc7 Ke6 51. Kxb7 Kd7 52. Rxc6 Rxa5 53. Rh6 Rc5 54. Rh4 Rc7+ 55. Kb6 Rc6+ 56. Kb5 Rg6 57. c5 1/2-1/2

[Event "First Lady of Indonesia Cup"]
[Site "Surakarta"]
[Date "1982.02.25"]
[Round "14"]
[White "Suradiradja, Herman"]
[Black "Rodriguez Vargas, Orestes"]
[Result "1/2-1/2"]
[WhiteElo "2380"]
[BlackElo "2485"]
[PlyCount "36"]
[EventDate "1982.02.09"]
[EventType "tourn"]
[EventRounds "25"]
[EventCountry "INA"]
[EventCategory "9"]
[SourceTitle "MCD"]
[Source "ChessBase"]
[SourceDate "1999.07.01"]
[SourceVersion "1"]
[SourceVersionDate "1999.07.01"]
[SourceQuality "1"]

1. e4 c5 2. Nf3 e6 3. d4 cxd4 4. Nxd4 Nf6 5. Nc3 d6 6. Be2 Be7 7. 0-0 0-0 8. f4 Nc6 9. Be3 e5 10. Nb3 exf4 11. Bxf4 Nd7 12. Rf2 Nde5 13. Nd4 Nxd4 14. Qxd4 Be6 15. Rd1 Nc6 16. Qd2 Bh4 17. g3 Bf6 18. Nd5 Be5 1/2-1/2